000
00286nam a22001217a 4500
003
OSt
005
20260211103722.0
008
260211b |||||||| |||| 00| 0 eng d
040
_c
HLCS
082
_a
362.19697
_b
BYA
245
_a
Reduce SSDDMIM, Multiply SAVE &Defeat HIV
942
_2
ddc
_c
BK
999
_c
4155
_d
4155